Introduction to Electronic Control Engineering (Record no. 58876)

MARC details
000 -LEADER
fixed length control field 00382pam a2200145 a 4500
020 ## - INTERNATIONAL STANDARD BOOK NUMBER
International Standard Book Number 8122400965
Terms of availability
041 ## - LANGUAGE CODE
Language code of text/sound track or separate title eng
082 ## - DEWEY DECIMAL CLASSIFICATION NUMBER
Classification number 621.3811
Item number FRO/ORT
100 ## - MAIN ENTRY--PERSONAL NAME
Personal name Frohr.
245 ## - TITLE STATEMENT
Title Introduction to Electronic Control Engineering
Medium Donate Books
260 ## - PUBLICATION, DISTRIBUTION, ETC.
Place of publication, distribution, etc. New Delhi
Name of publisher, distributor, etc. Wiley India Pvt. Ltd.,
Date of publication, distribution, etc. 1992
300 ## - PHYSICAL DESCRIPTION
Extent 338:
Other physical details p.b.;
Dimensions 22*14.
700 ## - ADDED ENTRY--PERSONAL NAME
Personal name Orteenburger.
930 ## - EQUIVALENCE OR CROSS-REFERENCE-UNIFORM TITLE HEADING [LOCAL, CANADA]
Uniform title 15655
Holdings
Withdrawn status Lost status Damaged status Not for loan Collection Home library Current library Shelving location Date acquired Source of acquisition Total Checkouts Full call number Barcode Date last seen Copy number Price effective from Koha item type
        EWP College of Engineering for Women, Pune College of Engineering for Women, Pune C-DON-3 04/03/2015 Smt. Gogate   621.3811 FRO/ORT EWP-D209 24/02/2023 1 24/02/2023 Book